Magnetická štruktúra izochrónneho urýchľovača cyklotónu DC-72 : č.ved.odb.11-24-9, dát.obhaj 15-12-2009

Uložené v:
Podrobná bibliografia
Hlavný autor: Keníž, Jozef, 1976- (Autor)
Ďalší autori: Miglierini, Marcel, 1956- (Vedúci práce)
Médium: Rukopis Kniha
Jazyk:Slovak
Vydavateľské údaje: Bratislava : STU v Bratislave FEI, 2009
Predmet:
Tagy: Pridať tag
Žiadne tagy, Buďte prvý, kto otaguje tento záznam!

MARC

LEADER 00000ntm a22000003a 4500
001 stu198615
005 20230413111010.3
008 100121s2009----xo------------------slo-d
040 |a STU  |b slo 
041 0 |a slo 
044 |a xo 
100 1 |a Keníž, Jozef,  |d 1976-  |4 aut  |u E160  |U FEI Fakulta elektrotechniky a informatiky  |T FEI Katedra jadrovej fyziky a techniky  |X 4473  |U E160  |Y 63  |7 A000004473 
245 1 |a Magnetická štruktúra izochrónneho urýchľovača cyklotónu DC-72 :  |b č.ved.odb.11-24-9, dát.obhaj 15-12-2009 
260 |a Bratislava :  |b STU v Bratislave FEI,  |c 2009 
300 |a 93 s 
650 7 |a Elektroenergetické a silnoprúdové inžinierstvo  |2 stusub 
650 7 |a jadrová fyzika  |2 stusub 
650 7 |a subjadrová fyzika  |2 stusub 
650 7 |a urýchľovače  |2 stusub 
650 7 |a magnetická štruktúra  |2 stusub 
700 1 |a Miglierini, Marcel,  |d 1956-  |4 ths  |u E060  |U FEI Fakulta elektrotechniky a informatiky  |T FEI Ústav jadrového a fyzikálneho inžinierstva  |X 1831  |U E060  |Y 817  |7 A000001831 
996 |b 284ED01254  |c E*ZP-118  |l EE01  |s A  |a 24  |w stu198615_0001